| 000 | 00364nam a2200133 a 4500 | ||
|---|---|---|---|
| 005 | 20140414132120.0 | ||
| 008 | 120822s19uu xx 00 eng d | ||
| 050 |
_aTR 372.7 _bC167 2000 |
||
| 245 | _aCalvert Math Manual. | ||
| 260 |
_aHunt Valley, Maryland : _bCalvert School, _c2000. |
||
| 300 | _a148 | ||
| 650 | _aMathematics-study & teaching. | ||
| 999 |
_c115045 _d115045 |
||